MARC

LEADER 00000nam0a2200000 4500
001 29866
005 20231030203700.0
010 |a 522201665X 
035 |a (RuTPU)RU\TPU\book\30132 
035 |a BOOK00030208 
090 |a 29866 
100 |a 20011209d2001 m y0rusy50 ca 
101 0 |a rus 
102 |a RU 
105 |a y j 000zy 
200 1 |a Основы маркетинга  |e учебное пособие для вузов  |f В. П. Федько, Н. Г. Федько, О. А. Шапор 
210 |a Ростов-на-Дону  |c Феникс  |d 2001 
215 |a 511 с. 
225 1 |a Учебники, учебные пособия 
451 1 |0 (RuTPU)RU\TPU\book\80708  |y 5-222-06709-2  |t Основы маркетинга   |o учебное пособие для вузов  |f В. П. Федько, Н. Г. Федько  |g под ред. В. П. Федько, И. И. Саввиди  |e 4-е изд., доп. и перераб.  |c Ростов-на-Дону  |n Феникс  |d 2005  |p 479 с.  |s Высшее образование  |a Федько, Валерий Павлович 
610 1 |a экономика 
610 1 |a маркетинг 
610 1 |a маркетинговые исследования 
610 1 |a товары 
610 1 |a реализация 
610 1 |a услуги 
610 1 |a рынок 
610 1 |a сегментирование 
610 1 |a позиционирование 
610 1 |a потребители 
610 1 |a поведение 
610 1 |a сетевой маркетинг 
610 1 |a реклама 
610 1 |a маркетинговые коммуникации 
610 1 |a учебные пособия 
686 |a У9(2)212.4я73  |v LBC/SL-A  |2 rubbk 
700 1 |a Федько  |b В. П. 
701 1 |a Федько  |b Н. Г. 
701 1 |a Шапор  |b О. А. 
801 0 |a RU  |b 63413507  |c 20011209  |g PSBO 
801 2 |a RU  |b 63413507  |c 20220216  |g PSBO 
900 |a Социология общественного мнения 
942 |c BK